Loading...
| Science - Chemistry | 0 | 6 | 1 | 2 | 55 | 102 | 117.00 | 0 | 1 | 0.00 | 0.00 |
| Science - Biology | 0 | 6 | 3 | 2 | 45 | 92 | 112.17 | 0 | 1 | 0.00 | 0.00 |
| Fine Arts - Painting & Sculpture | 0 | 3 | 0 | 1 | 30 | 139 | 141.67 | 0 | 0 | 0.00 | 0.00 |
| Social Science | 0 | 3 | 0 | 0 | 30 | 68 | 109.67 | 0 | 1 | 0.00 | 0.00 |
| Literature - American | 0 | 3 | 0 | 1 | 30 | 109 | 130.67 | 0 | 0 | 0.00 | 0.00 |
| Science - Other | 0 | 4 | 4 | 0 | 20 | 72 | 100.25 | 0 | 0 | 0.00 | 0.00 |
| Fine Arts - Other | 0 | 1 | 0 | 0 | 10 | 65 | 65.00 | 0 | 0 | 0.00 | 0.00 |
| History - American | 0 | 1 | 0 | 0 | 10 | 121 | 121.00 | 0 | 0 | 0.00 | 0.00 |
| Literature - European | 0 | 1 | 0 | 0 | 10 | 128 | 128.00 | 0 | 0 | 0.00 | 0.00 |
| Literature - World | 0 | 1 | 1 | 1 | 5 | 143 | 143.00 | 0 | 0 | 0.00 | 0.00 |
| Literature - British | 0 | 1 | 1 | 0 | 5 | 106 | 106.00 | 0 | 0 | 0.00 | 0.00 |
| Mythology | 0 | 1 | 1 | 1 | 5 | 169 | 169.00 | 0 | 0 | 0.00 | 0.00 |
| Religion | 0 | 1 | 1 | 0 | 5 | 103 | 103.00 | 0 | 0 | 0.00 | 0.00 |
| Fine Arts - Classical Music | 0 | 0 | 0 | 0 | 0 | 0.00 | 0 | 0 | 0.00 | 0.00 | |
| Science - Physics | 0 | 2 | 6 | 1 | -10 | 112 | 124.00 | 0 | 1 | 0.00 | 0.00 |
| History - World | 0 | 0 | 2 | 0 | -10 | 0.00 | 0 | 0 | 0.00 | 0.00 |